书目信息 |
| 题名: |
集韵
|
|
| 作者: | 丁度 编 | |
| 分册: | 三 | |
| 出版信息: | 上海 上海古籍出版社 1983.12 |
|
| 页数: | 1册 | |
| 开本: | 19.5*14.7cm | |
| 丛书名: | ||
| 单 册: | ||
| 中图分类: | H113.4 | |
| 科图分类: | ||
| 主题词: | 汉语--语音 , 汉语--音韵学 | |
| 电子资源: | ||
| ISBN: | ||
| 000 | 00720nam0 2200241 450 | |
| 001 | 0629822000 | |
| 005 | 20061020082846.23 | |
| 010 | @b线装@dCNY32.00(函) | |
| 100 | @a20061020d1983 km y0chiy0120 ea | |
| 101 | 0 | @achi |
| 102 | @aCN@b310000 | |
| 200 | 1 | @a集韵@Aji yun@h三@f(宋)丁度等编@F(song)ding du deng bian |
| 205 | @b影印本 | |
| 210 | @a上海@b上海瑞金二路二七二号@c上海古籍出版社@d1983.12 | |
| 215 | @a1册@d19.5*14.7cm | |
| 300 | @a一至五册为一函,共十卷 | |
| 305 | @a本书据上海图书馆藏述古堂影宋抄本影印,原书版框高二四五毫米宽一七八毫米 | |
| 606 | 0 | @a汉语@x语音 |
| 606 | 0 | @a汉语@x音韵学 |
| 690 | @aH113.4@v3 | |
| 701 | 0 | @a丁度@Ading du@4编 |
| 801 | 0 | @aCN@bPFT@c20061020 |
| 905 | @a10447@dH113.4@e12:3 | |
| 集韵.三/(宋)丁度等编.-影印本.-上海(上海瑞金二路二七二号):上海古籍出版社,1983.12 |
| 1册;19.5*14.7cm |
| 一至五册为一函,共十卷 |
| ISBN (线装):CNY32.00(函) |
| ● |
| 相关链接 |
|
|
|
|
正题名:集韵
索取号:H113.4/12:3
 
预约/预借
| 序号 | 登录号 | 条形码 | 馆藏地/架位号 | 状态 | 备注 |
| 1 | 0118823 | 202407617 | 古籍典藏专区/ [索取号:H113.4/12:3] | 在馆 | |
| 2 | 0118824 | 202407564 | 古籍典藏专区/ [索取号:H113.4/12:3] | 在馆 | |
| 3 | 0266358 | 202407350 | 古籍典藏专区/ [索取号:H113.4/12:3] | 在馆 | |
| 4 | 0266363 | 202407341 | 古籍典藏专区/ [索取号:H113.4/12:3] | 在馆 |